000 00823nas a2200253 4500
001 BR2010001155
003 BR-BrBNA
005 20231205113942.0
007 ta
008 230509b bl.|||p| |||| 00| 00por d
040 _aBR-BrBNA
_bpor
_cBiblioteca Nacional de Agricultura
041 _a(En)
072 _aF60
100 1 _aVictório, C.P.
100 1 _aKuster, R.M.
100 1 _aLage, C.L.S.
245 1 _aDetection of flavonoids in Alpinia purpurata (Viel=ill.)K. Schum. leaves using high-performance liquid chromatography
650 _aPLANTA MEDICINAL
650 _aCROMATOGRAFIA
650 _aFLAVONOIDE
773 0 _tRevista Brasileira de Plantas Medicinais (Brazil)
_xISSN 1516-0572
_g(May 2009), v. 11(2) p. 147-153
_wBR2010001155
909 _a202311
_bLúcia
_c55
_dLúcia Elande
942 _2AGRIS
_n0
_cANA
999 _c206424
_d206424